00684nam a22001577a 4500999001700000082006200017100001200079245010600091260002700197300000800224700005900232856003200291942001100323952009000334952010200424 c64816d64813 aR/IMS-19a16-MCEM-14bSupervisor - Dr. Aftab Hameed Memon aMahwish aAchieving Value for Money In Infrastructure Public Private partnership (PPPs) In Developing Countries aNawabshahbQUESTc2019 a64p aDepartment of Civil Engineering Faculty of engineering uhttp://tinyurl.com/3jf5dejj cTHESIS 00104070aRESEARCHbRESEARCHd2019-07-01l0pMP/43-489r2019-07-01 00:00:00yTHESIS 00104070aRESEARCHbRESEARCHd2023-12-21l0pMP/52-636r2023-12-21 00:00:00w2023-12-21yTHESIS